Functional analysis /
Guardado en:
| Autor Principal: | |
|---|---|
| Otros Autores: | |
| Formato: | Libro |
| Idioma: | English |
| Publicado: |
[New York] :
Courant Institute of Mathematical Sciences, New York University,
c1964.
|
| Etiquetas: |
Agregar Etiqueta
Sin Etiquetas, Sea el primero en etiquetar este registro!
|
| LEADER | 00531nam a22001455a 4500 | ||
|---|---|---|---|
| 001 | MAT.inmabb001402 | ||
| 008 | 031124s1964####nyu###########000#0#eng#d | ||
| 005 | 20170815143006.0 | ||
| 245 | 1 | 0 | |a Functional analysis / |c by Laurent Schwartz ; notes by Paul Rabinowitz. |
| 260 | |a [New York] : |b Courant Institute of Mathematical Sciences, New York University, |c c1964. | ||
| 300 | |a ii h., 212 p. ; |c 28 cm. | ||
| 100 | 1 | |a Schwartz, Laurent. | |
| 700 | 1 | |a Rabinowitz, Paul. |4 xxx | |
| 084 | |a 46-XX |a 47-XX |2 msc2000 | ||
| 859 | |h 46 |i Sc399f |p A-1663 |b BIB. MATEMATICA | ||
